| 000 | 01249nam a2200301Ia 4500 | ||
|---|---|---|---|
| 003 | OSt | ||
| 005 | 20200820125631.0 | ||
| 008 | 191128s2002 ck a gr 000 0 spa d | ||
| 020 | _a9586835472 | ||
| 040 |
_aCo-JMCR _cCo-JMCR |
||
| 041 | 0 | _aspa | |
| 082 | 0 | 4 |
_a368.4 / _bP358p _223 |
| 100 | 1 |
_aPeñalosa Quintero, Rolando Enrique, _eautor _99028 |
|
| 245 | 1 | 0 |
_aPropuesta de ajuste a la política del régimen subsidiado de salud en colombia / _cRolando Enrique Peñalosa Quintero, Liz Garavito Beltrán, Eduardo Lara Ramos, |
| 250 | _aPrimera edición | ||
| 260 |
_aBogotá : _bCeja, _c2002. |
||
| 300 |
_a145 páginas : _bIlustraciones en color ; _c24 cm. |
||
| 300 | _b | ||
| 300 | _c 24 cm | ||
| 504 | _aBibliográfia : páginas 145 - 147. | ||
| 505 | _aMarco de referencia -- Entornos en el sistema de seguridad social en Colombia -- Desarrollo de los mercados -- Condiciones de los usuarios -- Bases para una nueva política -- Metodología | ||
| 650 | 2 | 4 |
_aRégimen subsidiado en salud _zColombia _98915 |
| 650 | 2 | 4 |
_aPolítica médica _zColombia _99029 |
| 650 | 2 | 4 |
_aPlanificación en salud _zColombia _99030 |
| 700 | 1 |
_aLiz Garavito Beltrán, _eautora _99031 |
|
| 700 | 1 |
_aEduardo Lara Ramos, _eautor _99032 |
|
| 942 |
_2ddc _cBK |
||
| 999 |
_c6317 _d6317 |
||